| 000 | 01081nam a2200265 i 4500 | ||
|---|---|---|---|
| 003 | DO-SdBNP | ||
| 005 | 20230925101004.0 | ||
| 006 | a||||gr|||| 00| 0 | ||
| 007 | ta | ||
| 008 | 230922n190? dr ||||| |||| 00| m spa d | ||
| 040 |
_aDO-SdBNP _bspa _cBNPHU _erda |
||
| 082 | 4 |
_222 _bD541l |
|
| 100 | 1 |
_aDíaz Castillo, Bienvenido _922529 _eautor |
|
| 245 | 1 | 0 |
_aLecturas selectas. / _cBienvenido Díaz Castillo; prólogo, Marcio Veloz Magiolo |
| 264 |
_aSanto Domingo : _bNuevo Mundo, _c[190?] |
||
| 300 |
_a201 páginas ; _c20 cm. |
||
| 336 |
_2rdacontent _atexto _btxt |
||
| 337 |
_2rdamedia _asin mediación _bn |
||
| 338 |
_2rdacarrier _avolumen _bnc |
||
| 500 | _aPublicaciones del Economato Dominicano. | ||
| 505 |
_aPrólogo. _tFinalidad de Lecturas Selectas.-- _tOración sobre la necesidad de unir el estudio de la Literatura al de las ciencias.-- _tObras narrativas en prosa.-- _tObras descriptivas en Prosa.-- _tObras Dramática.-- _tObras Liricas (Prosa y verso). |
||
| 590 | _aInventariado 2023 / MF | ||
| 700 | 1 |
_aMagiolo Veloz, Marcio, _977364 _eprólogo |
|
| 942 |
_2ddc _cLBS1 |
||
| 999 |
_c54898 _d54898 |
||